Missing Word: 60s TV Shows Quiz Stats

 Plays Quiz Updated Mar 5, 2016

Challenge
Share
Tweet
Embed
Score 0/20 Timer 02:00
0 Plays Today
60s TV Shows Missing Word % Correct
___ in SpaceLost
93.3%
___ SmartGet
92%
___ AcresGreen
89.1%
Hogan's ___Heroes
87.2%
___ EdMister
87.1%
___ 54, Where Are You?Car
82.1%
The ___ LimitsOuter
79.7%
The ___ NunFlying
78.2%
___ BooneDaniel
76.3%
___ IslandGilligan's
71.2%
60s TV Shows Missing Word % Correct
___ JunctionPetticoat
67.5%
___ ShadowsDark
66.6%
___ NavyMcHale's
66.5%
___ AffairFamily
61.5%
The Ghost & Mrs. ___Muir
60.6%
F ___Troop
57.9%
Please Don't Eat the ___Daisies
55.1%
The ___ ValleyBig
50.1%
Burke's ___Law
43.7%
It Takes a ___Thief
41%

Today's Daily Dose

Missing Word
Hayao Miyazaki

Word Ladder
Florida

On This Day
December 13th II

You're not logged in!

Compare scores with friends on all Sporcle quizzes.
OR
Log In

You Might Also Like...

Show Comments

Extras

Top Quizzes Today


Score Distribution

Your Account Isn't Verified!

In order to create a playlist on Sporcle, you need to verify the email address you used during registration. Go to your Sporcle Settings to finish the process.

Report this User

Report this user for behavior that violates our Community Guidelines.

Details: